LEADER 01441nam0 22002891i 450 001 UON00511395 005 20231205105459.681 100 $a20230214d1976 |0itac50 ba 101 $aeng 102 $aET 105 $a|||| ||||| 200 1 $aˆThe ‰Person of Jesus Christ in the decisions of the ecumenical councils$ea historical and doctrinal study with the relevant documents referring to the christological relations of the Western, Eastern and Oriental churches$fby Methodios G. Fouyas 210 $aAddis Ababa$cCentral printing press$d1976 215 $a301 p.$d24 cm 316 $aInserito biglietto. - Sul frontespizio nota a lapis: "23-7-1976"$5IT-UONSI AFRFONDORICCI/220 606 $aCristologia$3UONC022032$2FI 606 $aTEOLOGIA DOTTRINALE CRISTIANA$3UONC100312$2FI 620 $dAddis Ababa$3UONL001816 676 $a232$cCRISTOLOGIA$v21 700 1$aFOUYAS$bMethodios$3UONV042087$4070$01590406 712 $aCentral Printing Press$3UONV258834$4650 801 $aIT$bSOL$c20250620$gRICA 899 $aSIBA - SISTEMA BIBLIOTECARIO DI ATENEO$2UONSI 912 $aUON00511395 950 $aSIBA - SISTEMA BIBLIOTECARIO DI ATENEO$dSI FONDO RICCI 220 $eSI 40330 7 220 Inserito biglietto. - Sul frontespizio nota a lapis: "23-7-1976"$sBuono 996 $aPerson of Jesus Christ in the decisions of the ecumenical councils$93901686 997 $aUNIOR